000 01460cam a22004574i 4500
003 PE-LiUPU
005 20250731173456.0
008 150616s1990 miu r 000 0 eng d
020 _a0825422922
035 _a(Sirsi) i9780825422928
040 _aPE-LiUPU
_bspa
_cPE-LiUPU
_erda
049 _aPRUA
082 0 4 _a223.1077
_bB91
_221
100 1 _aBullinger, E.W.,
_eautor.
245 1 4 _aThe Book of Job /
_cE. W. Bullinger.
264 1 _aGrand Rapids, Michigan :
_bKregel Publications,
_c1990.
300 _a203 páginas ;
_c19 centímetros
336 _atext
_2rdacontent
337 _aunmediated
_2rdamedia
338 _avolume
_2rdacarrier
505 0 _aComentarios del libro de Job.
526 _aSEG42
526 _aSEG41
526 _aSEG40
526 _aSEG39
526 _aP94
526 _aP87
526 _aP86
526 _aP85
526 _aP77
526 _aP76
526 _aP35
630 _aBiblia.
_pA.T.
_pJob
_xComentarios.
910 _ajck
_bjvq
_cjck
942 _2ddc
_cBOOK
949 _a223.1077 B91
_wDEWEY
_c1
_i39959
_lCCODEBUL1
_mBUL
_r0
_sY
_tBOOK
_u2015-6-16
_xTEOLOGIA
_zUNKNOWN
_0COMPRA
_o.STAFF. Colección General
994 _aC0
_bPEPRU
596 _a1
999 _a223.1077 B91
_wDEWEY
_c57736
_i39959
_f2021-11-11
_g5
_lCCODEBUL1
_mBUL
_p12.99
_r0
_sY
_tBOOK
_u2015-6-16
_xTEOLOGIA
_PP35
_0COMPRA
_o.STAFF. Colección Teología
_d57736
980 _81
_gALBERTO SANCHEZ Responsable de Automatización